Loading...
| Literature - European Literature | 0 | 9 | 0 | 0 | 90 | 16 | 57.22 | 4 | 9 |
| Fine Arts - Classical Music | 0 | 6 | 0 | 1 | 60 | 77 | 100.67 | 0 | 1 |
| Literature - British Literature | 0 | 5 | 2 | 1 | 40 | 39 | 80.60 | 1 | 3 |
| Literature - World Literature | 0 | 4 | 0 | 1 | 40 | 73 | 89.75 | 0 | 0 |
| History - American History | 0 | 5 | 2 | 0 | 40 | 43 | 57.20 | 2 | 4 |
| Literature - American Literature | 0 | 4 | 2 | 0 | 30 | 21 | 54.50 | 1 | 3 |
| Painting/Sculpture | 0 | 3 | 1 | 0 | 25 | 44 | 69.67 | 0 | 2 |
| History - Other History | 0 | 3 | 1 | 1 | 25 | 64 | 83.67 | 0 | 2 |
| Mythology | 0 | 3 | 1 | 0 | 25 | 75 | 77.67 | 0 | 0 |
| History - European History | 0 | 2 | 0 | 0 | 20 | 75 | 92.50 | 1 | 1 |
| Philosophy | 0 | 2 | 0 | 1 | 20 | 100 | 104.50 | 0 | 0 |
| Fine Arts - Other Fine Arts | 0 | 3 | 3 | 0 | 15 | 51 | 63.33 | 0 | 2 |
| History - World History | 0 | 2 | 1 | 1 | 15 | 30 | 64.00 | 0 | 1 |
| Geography | 0 | 1 | 0 | 1 | 10 | 63 | 63.00 | 0 | 1 |
| Pop Culture | 0 | 1 | 0 | 0 | 10 | 36 | 36.00 | 0 | 1 |
| Science - Biology | 0 | 1 | 0 | 0 | 10 | 43 | 43.00 | 0 | 1 |
| Religion | 0 | 1 | 2 | 0 | 0 | 78 | 78.00 | 1 | 1 |
| Social Science | 0 | 0 | 2 | 0 | -10 | 0.00 | 0 | 0 |